[Event "MCR mladeze 2014, H14"]
[Site "Kouty nad Desnou"]
[Date "2014.03.11"]
[Round "5"]
[White "Vraj, Karel"]
[Black "Kriz, Vojtech"]
[Result "0-1"]
[WhiteElo "1593"]
[BlackElo "1565"]
[PlyCount "104"]
[EventDate "2014.??.??"]

1. e4 e5 2. Nf3 Nc6 3. d4 exd4 4. Bc4 Na5 5. Qxd4 Nxc4 6. Qxc4 d6 7. O-O Be7 8.
Nc3 Nf6 9. Bf4 O-O 10. Nd4 Kh8 11. Rad1 Nh5 12. Be3 Bf6 13. Ncb5 Bxd4 14. Nxd4
Nf6 15. f3 Re8 16. Bg5 d5 17. exd5 Qxd5 18. Qxc7 Qxg5 19. f4 Qd5 20. c4 Qd7 21.
Nb5 Qe6 22. Rfe1 Qb6+ 23. Qxb6 Rxe1+ 24. Rxe1 axb6 25. a3 Be6 26. Nc7 Rc8 27.
Nxe6 fxe6 28. Rxe6 Rc6 29. Re7 Rxc4 30. Rxb7 Rc1+ 31. Kf2 Rc2+ 32. Kf3 Rxb2 33.
Ra7 h6 34. a4 Rb3+ 35. Kf2 Ng4+ 36. Ke2 Nxh2 37. Ra6 Ra3 38. Rxb6 Rxa4 39. g3
Ra2+ 40. Ke3 Ra3+ 41. Ke4 Rxg3 42. Kf5 Kh7 43. Rb7 h5 44. Ke4 Ng4 45. Rb5 Nf6+
46. Kf5 h4 47. Rb1 h3 48. Rh1 Kh6 49. Rh2 Kh5 50. Rh1 Kh4 51. Ra1 h2 52. Ra8
h1=Q 0-1

[Event "MCR mladeze 2014, H14"]
[Site "Kouty nad Desnou"]
[Date "2014.03.11"]
[Round "5"]
[White "Oplustil, David"]
[Black "Zitny, Michal"]
[Result "0-1"]
[WhiteElo "1488"]
[BlackElo "1566"]
[PlyCount "102"]
[EventDate "2014.??.??"]

1. e4 c6 2. d4 d5 3. e5 Bf5 4. Ne2 e6 5. Ng3 Bg6 6. h4 h6 7. h5 Bh7 8. Bd3 Bxd3
9. Qxd3 Nd7 10. Nd2 c5 11. c3 Rc8 12. f4 c4 13. Qc2 Qb6 14. O-O Ne7 15. Kh1 g6
16. hxg6 fxg6 17. Nf3 Nf5 18. Nxf5 gxf5 19. Nh4 Rg8 20. Qe2 Rg4 21. Nf3 Qd8 22.
Nh2 Qh4 23. Be3 Rg8 24. Rf3 Rc7 25. Rh3 Qe7 26. Bf2 Qg7 27. Rg1 Nb6 28. g4 Qf7
29. Bh4 Nd7 30. Bf2 Nb6 31. Nf1 Nc8 32. Ne3 Ne7 33. Bh4 Ng6 34. Qf3 Nxh4 35.
Rxh4 Qg6 36. Rg2 Qf7 37. gxf5 Rxg2 38. fxe6 Qxe6 39. Qxg2 Rg7 40. Qxd5 Qg6 41.
Qb5+ Kd8 42. Qd5+ Ke8 43. Ng4 Be7 44. Rxh6 Qxg4 45. Rh8+ Bf8 46. Qb5+ Rd7 47.
Qb4 Qf3+ 48. Kh2 Qxf4+ 49. Kh3 Qf5+ 50. Kh4 Rh7+ 51. Rxh7 Qxh7+ 0-1

[Event "MCR mladeze 2014, H14"]
[Site "Kouty nad Desnou"]
[Date "2014.03.12"]
[Round "6"]
[White "Parizek, Vojtech"]
[Black "Vykouk, Jan"]
[Result "0-1"]
[WhiteElo "1712"]
[BlackElo "2088"]
[PlyCount "92"]
[EventDate "2014.??.??"]

1. e4 c5 2. Nf3 d6 3. d4 cxd4 4. Nxd4 Nf6 5. Nc3 a6 6. g3 e5 7. Nde2 Be7 8. Bg2
b5 9. O-O Nbd7 10. h3 b4 11. Nd5 Nxd5 12. exd5 a5 13. a3 Ba6 14. Bd2 Qb6 15.
Re1 Nc5 16. g4 O-O 17. Ng3 g6 18. Kh1 Bh4 19. Bh6 Rfe8 20. g5 f5 21. Nxf5 Bxf2
22. Rf1 Bxf1 23. Qxf1 gxf5 24. Qxf2 f4 25. Rg1 Qb7 26. Bf3 e4 27. g6 exf3 28.
gxh7+ Kh8 29. Qd4+ Re5 30. Qxf4 Ne4 31. Qxf3 Qxd5 32. Bg7+ Kxh7 33. Bxe5 Qxe5
34. Rg4 Ng5 35. Qxa8 Qe1+ 36. Kg2 Qe2+ 37. Kg3 Qe3+ 38. Kh4 Nf3+ 39. Kg3 Ne5+
40. Kh2 Qf2+ 41. Qg2 Nf3+ 42. Kh1 Qe1+ 43. Qg1 Nxg1 44. Rxg1 Qe3 45. Kh2 bxa3
46. Rg3 Qxg3+ 0-1

[Event "MCR mladeze 2014, H14"]
[Site "Kouty nad Desnou"]
[Date "2014.03.12"]
[Round "6"]
[White "Miesbauer, Jan"]
[Black "Liska, Jiri"]
[Result "0-1"]
[WhiteElo "1991"]
[BlackElo "1911"]
[PlyCount "88"]
[EventDate "2014.??.??"]

1. d4 Nf6 2. c4 g6 3. Nc3 d5 4. cxd5 Nxd5 5. g3 Bg7 6. Bg2 Nxc3 7. bxc3 c5 8.
e3 O-O 9. Ne2 Qa5 10. O-O Nc6 11. Qb3 Rd8 12. a4 Bg4 13. f3 Bd7 14. Ba3 cxd4
15. cxd4 Qd2 16. Ra2 Na5 17. Rxd2 Nxb3 18. Rd3 Bxa4 19. Nc3 Bc6 20. Rb1 Na5 21.
Bxe7 Rd7 22. Bb4 Nc4 23. Kf2 b6 24. Ne4 a5 25. Be1 b5 26. Nc5 Rdd8 27. Nb3 b4
28. g4 Bb5 29. Rdd1 Re8 30. e4 Red8 31. d5 a4 32. Nd4 Bxd4+ 33. Rxd4 b3 34. Bc3
Na3 35. Rc1 Nc2 36. Rd2 Rdc8 37. Bf6 a3 38. Rb1 Ba4 39. d6 a2 40. Rbd1 Bd7 41.
Ba1 Nxa1 42. Rxa1 Rc2 43. Rxc2 bxc2 44. Ke3 c1=Q+ 0-1

[Event "MCR mladeze 2014, H14"]
[Site "Kouty nad Desnou"]
[Date "2014.03.12"]
[Round "6"]
[White "Hurdzan, Tomas"]
[Black "Wagner, Vojtech"]
[Result "1-0"]
[WhiteElo "1866"]
[BlackElo "1907"]
[PlyCount "143"]
[EventDate "2014.??.??"]

1. e4 e5 2. Nf3 Nc6 3. Nc3 Nf6 4. d4 exd4 5. Nxd4 Bb4 6. Nxc6 bxc6 7. Bd3 O-O
8. O-O d5 9. exd5 cxd5 10. Bg5 c6 11. Qf3 Be7 12. Rae1 Be6 13. h3 Rb8 14. Nd1
Qd7 15. b3 c5 16. Ne3 Bd8 17. c3 a5 18. Nf5 Ne4 19. Bxd8 Rbxd8 20. Ng3 f5 21.
Bxe4 dxe4 22. Qe2 Qd3 23. Qxd3 Rxd3 24. Rd1 c4 25. bxc4 Bxc4 26. Rxd3 exd3 27.
Rd1 g6 28. Nf1 f4 29. Nd2 Bxa2 30. Ra1 Bf7 31. Rxa5 Re8 32. Nf3 Rd8 33. Nd2 Rb8
34. Ne4 Bb3 35. Ra7 Rb6 36. Rd7 Bc2 37. Nc5 Rc6 38. Nxd3 f3 39. Ne5 Rxc3 40.
Nxf3 Bf5 41. Ra7 Bxh3 42. Ng5 Bf5 43. Nxh7 Rc2 44. g4 Be6 45. Kg2 Rc5 46. Nf6+
Kf8 47. Kg3 Rc4 48. f3 Rb4 49. Kh4 Rb5 50. f4 Bc4 51. Nd7+ Kg8 52. Ne5 Bb3 53.
Nxg6 Rb4 54. Kg5 Bc2 55. Kh6 Bxg6 56. Kxg6 Kf8 57. Kg5 Rb5+ 58. f5 Rb4 59. Kh5
Rf4 60. Kg5 Rb4 61. f6 Rc4 62. Kh5 Rb4 63. g5 Rb8 64. Rh7 Kg8 65. Kg6 Rb6 66.
Rg7+ Kh8 67. Ra7 Rb8 68. Kh6 Kg8 69. g6 Rf8 70. f7+ Rxf7 71. gxf7+ Kf8 72. Ra6
1-0

[Event "MCR mladeze 2014, H14"]
[Site "Kouty nad Desnou"]
[Date "2014.03.12"]
[Round "6"]
[White "Lojek, Marek"]
[Black "Anaskin, Arsenij"]
[Result "1/2-1/2"]
[WhiteElo "1776"]
[BlackElo "1977"]
[PlyCount "82"]
[EventDate "2014.??.??"]

1. e4 d6 2. d4 Nf6 3. Bd3 e5 4. c3 Be7 5. f4 Nbd7 6. Nf3 exd4 7. cxd4 O-O 8.
Qc2 h6 9. Nc3 c5 10. d5 a6 11. a4 Qc7 12. b3 b6 13. O-O Re8 14. Bb2 Bb7 15.
Rae1 Ng4 16. h3 Ngf6 17. Qd2 Rad8 18. Bb1 Bf8 19. e5 dxe5 20. fxe5 Nxe5 21.
Nxe5 Rxe5 22. Nb5 Rexd5 23. Qxd5 Nxd5 24. Nxc7 Nxc7 25. Be5 Ne6 26. Rd1 Bd5 27.
Bc2 b5 28. axb5 axb5 29. Rd3 c4 30. bxc4 bxc4 31. Rg3 Ng5 32. h4 Ne4 33. Rg4
Nd2 34. Rd1 Be6 35. Rg3 Rd5 36. Bf4 Ne4 37. Rxd5 Bxd5 38. Bxe4 Bxe4 39. Bxh6 g6
40. Bxf8 Kxf8 41. Re3 Bd5 1/2-1/2

[Event "MCR mladeze 2014, H14"]
[Site "Kouty nad Desnou"]
[Date "2014.03.12"]
[Round "6"]
[White "Danek, Daniel"]
[Black "Simet, Martin"]
[Result "1-0"]
[WhiteElo "1827"]
[BlackElo "1777"]
[PlyCount "115"]
[EventDate "2014.??.??"]

1. e4 c5 2. Nc3 Nc6 3. Bb5 Nd4 4. Nf3 e6 5. Nxd4 cxd4 6. Ne2 a6 7. Ba4 Bc5 8.
O-O Ne7 9. d3 O-O 10. c3 Nc6 11. Kh1 b5 12. Bb3 d5 13. Ng3 dxc3 14. bxc3 d4 15.
c4 b4 16. f4 f5 17. e5 g6 18. Qe1 Qh4 19. Bd1 Bb7 20. Bf3 a5 21. Bd2 Rf7 22.
Rb1 Qd8 23. a3 Qb6 24. axb4 Nxb4 25. Qd1 Bc6 26. Bxc6 Qxc6 27. Bxb4 axb4 28.
Rf2 Rfa7 29. Rfb2 Ra2 30. Ne2 Qa4 31. Qxa4 R2xa4 32. Nc1 Rc8 33. Nb3 Bb6 34. h3
Ra7 35. Rc1 Ra3 36. c5 Ba7 37. Rc4 Kf7 38. Rxb4 Ke8 39. Rxd4 Bb8 40. Rc4 Kd7
41. d4 Kc6 42. Rb4 Bc7 43. Rb1 Kd5 44. Rb7 Ra6 45. Rb4 Ra3 46. Ra1 Rxa1+ 47.
Nxa1 Ba5 48. Ra4 Bc3 49. Nc2 Rc7 50. Ra6 Ke4 51. Rxe6 Bxd4 52. Nxd4 Kxd4 53. c6
Kc5 54. Kh2 Kd4 55. Kg3 Kc5 56. Kh4 Rxc6 57. Rxc6+ Kxc6 58. Kg5 1-0

[Event "MCR mladeze 2014, H14"]
[Site "Kouty nad Desnou"]
[Date "2014.03.12"]
[Round "6"]
[White "Vystrcil, Martin"]
[Black "Jurasek, Vojtech"]
[Result "1-0"]
[WhiteElo "1783"]
[BlackElo "1498"]
[PlyCount "55"]
[EventDate "2014.??.??"]

1. e4 c5 2. Nf3 e6 3. d4 cxd4 4. Nxd4 a6 5. Nc3 Qc7 6. Be2 Nf6 7. O-O d6 8. a4
b6 9. f4 Bb7 10. Bf3 Nbd7 11. Re1 Rc8 12. g4 e5 13. Nb3 Nc5 14. g5 Nfd7 15.
Nxc5 Nxc5 16. Nd5 Qc6 17. b3 exf4 18. e5 Kd8 19. Rf1 Ne6 20. Bxf4 Nxf4 21. Nxf4
Qc5+ 22. Kh1 Bxf3+ 23. Qxf3 Qxe5 24. Qb7 Rxc2 25. Rae1 Qc5 26. Qb8+ Kd7 27.
Qe8+ Kc7 28. Ne6+ 1-0

[Event "MCR mladeze 2014, H14"]
[Site "Kouty nad Desnou"]
[Date "2014.03.12"]
[Round "6"]
[White "Jelinek, Michal"]
[Black "Chwistek, Karel"]
[Result "1-0"]
[WhiteElo "1870"]
[BlackElo "1697"]
[PlyCount "49"]
[EventDate "2014.??.??"]

1. d4 c5 2. d5 e5 3. c4 d6 4. Nc3 Be7 5. e4 Nf6 6. g3 O-O 7. Bg2 Na6 8. Nge2
Nc7 9. O-O a6 10. a4 Rb8 11. a5 Bd7 12. f4 Nfe8 13. Be3 f6 14. f5 g6 15. g4
gxf5 16. gxf5 Kh8 17. Rf3 Rg8 18. Rh3 Bf8 19. Qe1 b5 20. Rxh7+ Kxh7 21. Qh4+
Kg7 22. Qh5 Qe7 23. Kh1 Ne6 24. dxe6 Nc7 25. Qh6# 1-0

[Event "MCR mladeze 2014, H14"]
[Site "Kouty nad Desnou"]
[Date "2014.03.12"]
[Round "6"]
[White "Pulpan, Matej"]
[Black "Havelka, Ondrej"]
[Result "0-1"]
[WhiteElo "1774"]
[BlackElo "1642"]
[PlyCount "120"]
[EventDate "2014.??.??"]

1. e4 e6 2. d4 d5 3. Nc3 Nf6 4. exd5 exd5 5. Bd3 Bd6 6. Nge2 Bg4 7. f3 Bh5 8.
g4 Nxg4 9. fxg4 Qh4+ 10. Kf1 Bxg4 11. Bd2 Bxh2 12. Rxh2 Qxh2 13. Bf4 Qh3+ 14.
Ke1 c6 15. Kd2 Nd7 16. Qh1 Qxh1 17. Rxh1 g6 18. Bh6 Nf8 19. Bg7 Rg8 20. Bxf8
Rxf8 21. Rxh7 O-O-O 22. Rh4 Be6 23. Nf4 Kd7 24. Bxg6 fxg6 25. Nxg6 Rf2+ 26. Ne2
Re8 27. Ne5+ Kc8 28. Ke3 Rg2 29. Rh6 Bg4 30. Nc3 Rxc2 31. Na4 Re2+ 32. Kd3 Re4
33. Nc5 Be2+ 34. Kc3 R8xe5 35. dxe5 Rc4+ 36. Kd2 Rxc5 37. Kxe2 Rc4 38. Kd3 Re4
39. Rh8+ Kc7 40. Rh7+ Kb6 41. Re7 a5 42. e6 Kc5 43. Rxb7 Rxe6 44. Rh7 Re4 45.
Rh6 Rb4 46. Kc2 Rc4+ 47. Kd3 a4 48. b3 Rg4 49. Rh2 axb3 50. axb3 Kb4 51. Kc2 c5
52. Rd2 d4 53. Rh2 Rg3 54. Rh8 Rc3+ 55. Kd2 Rxb3 56. Rb8+ Kc4 57. Rc8 Rb2+ 58.
Kc1 Rh2 59. Rc7 Kb4 60. Rb7+ Kc3 0-1

[Event "MCR mladeze 2014, H14"]
[Site "Kouty nad Desnou"]
[Date "2014.03.12"]
[Round "6"]
[White "Sedlak, Jiri"]
[Black "Steinbauer, Filip"]
[Result "0-1"]
[WhiteElo "1753"]
[BlackElo "1637"]
[PlyCount "80"]
[EventDate "2014.??.??"]

1. e4 d6 2. d4 Nf6 3. Bd3 e5 4. d5 c6 5. c4 Nbd7 6. Nc3 Be7 7. Nge2 O-O 8. f3
cxd5 9. cxd5 Nb6 10. Be3 Nbd7 11. Rc1 b6 12. b4 Bb7 13. O-O Rc8 14. Qa4 a5 15.
a3 axb4 16. axb4 Ra8 17. Qb3 Qb8 18. Bb5 Rc8 19. Na4 Ba6 20. Bxa6 Rxc1 21. Rxc1
Rxa6 22. Rc6 Qa8 23. Qc2 Bf8 24. Nxb6 Nxb6 25. Bxb6 Rxb6 26. Rxb6 Qa7 27. Qc6
Nd7 28. Kf1 Nxb6 29. b5 g6 30. Nc1 Kg7 31. Nd3 Qa1+ 32. Kf2 Qd4+ 33. Kg3 Be7
34. h4 h5 35. Nc1 Qe3 36. Ne2 Qxe2 37. Qxb6 Qe1+ 38. Kh2 Bxh4 39. Qxd6 Bg3+ 40.
Kh3 Bf4 0-1

[Event "MCR mladeze 2014, H14"]
[Site "Kouty nad Desnou"]
[Date "2014.03.12"]
[Round "6"]
[White "Zitny, Michal"]
[Black "Filip, Tomas"]
[Result "0-1"]
[WhiteElo "1566"]
[BlackElo "1590"]
[PlyCount "80"]
[EventDate "2014.??.??"]

1. c4 e5 2. Nc3 Nf6 3. Nf3 Nc6 4. g3 d5 5. cxd5 Nxd5 6. Bg2 Nb6 7. d3 Be7 8.
Be3 Be6 9. Qd2 f6 10. O-O O-O 11. Rfd1 Nd4 12. Rac1 Bb4 13. Ne1 Bxa2 14. Bxb7
Rb8 15. Bxd4 exd4 16. Bg2 Bf7 17. Ra1 Nd5 18. Bxd5 Bxd5 19. Rxa7 dxc3 20. bxc3
Bc5 21. Raa1 f5 22. c4 Bb4 23. Qf4 Be6 24. Qe5 Qe7 25. e3 Qf7 26. Nf3 Bd6 27.
Qa5 Qe7 28. Nd4 Bd7 29. Rdc1 c5 30. Ne2 Bc6 31. Qd2 Bf3 32. Ra2 Qd7 33. Qe1 g5
34. Qf1 f4 35. exf4 gxf4 36. Nc3 fxg3 37. fxg3 Be5 38. Nb5 Rxb5 39. cxb5 Bd4+
40. Rf2 Be2 0-1

[Event "MCR mladeze 2014, H14"]
[Site "Kouty nad Desnou"]
[Date "2014.03.12"]
[Round "6"]
[White "Kriz, Vojtech"]
[Black "Novy, Filip"]
[Result "0-1"]
[WhiteElo "1565"]
[BlackElo "1817"]
[PlyCount "75"]
[EventDate "2014.??.??"]

1. e4 c5 2. Nf3 e6 3. d4 cxd4 4. Nxd4 Nf6 5. Nc3 d6 6. Bg5 Be7 7. f4 O-O 8. Qf3
a6 9. O-O-O Qc7 10. g4 b5 11. a3 Nbd7 12. h4 Qb6 13. h5 b4 14. axb4 Qxb4 15.
Nc6 Qb6 16. Nxe7+ Kh8 17. h6 g6 18. Na4 Qb7 19. Qc3 e5 20. fxe5 Nxe4 21. Qd4
dxe5 22. Qe3 Nxg5 23. Qxg5 Qxh1 24. Bb5 Qe4 25. Bxd7 f6 26. Qd2 Bxd7 27. Qxd7
Qf4+ 28. Kb1 Qxh6 29. Nb6 Rae8 30. Nbd5 Qg7 31. Qe6 Ra8 32. Rf1 Rae8 33. Rd1
Qf7 34. Qxa6 Rxe7 35. Nxe7 Qxe7 36. Qe2 Ra8 37. c4 Qa7 38. Qe3 0-1

[Event "MCR mladeze 2014, H14"]
[Site "Kouty nad Desnou"]
[Date "2014.03.12"]
[Round "6"]
[White "Oplustil, David"]
[Black "Vraj, Karel"]
[Result "0-1"]
[WhiteElo "1488"]
[BlackElo "1593"]
[PlyCount "114"]
[EventDate "2014.??.??"]

1. e4 c5 2. Nf3 d6 3. d4 cxd4 4. Nxd4 Nf6 5. Nc3 g6 6. Be3 Bg7 7. f3 O-O 8. Qd2
Nc6 9. O-O-O Nxd4 10. Bxd4 Be6 11. Kb1 a6 12. g4 b5 13. h4 b4 14. Ne2 b3 15.
cxb3 a5 16. h5 a4 17. b4 a3 18. b3 Qb8 19. hxg6 fxg6 20. Ng3 Rc8 21. g5 Ne8 22.
Bxg7 Nxg7 23. f4 Ra7 24. f5 Rac7 25. fxe6 Rc2 26. Qxc2 Rxc2 27. Kxc2 Qxb4 28.
Bc4 Qc5 29. Rd5 Qf2+ 30. Ne2 Qg2 31. Rh4 Nh5 32. e5 dxe5 33. Rxe5 Qf1 34. Rhe4
Qa1 35. Nc3 Qb2+ 36. Kd3 Ng3 37. Rd4 Qa1 38. Rf4 Nf5 39. Bd5 Qc1 40. Rf3 Qxg5
41. Be4 Qf6 42. Rd5 Qxe6 43. Bxf5 gxf5 44. Rdxf5 Kg7 45. Kd4 Qb6+ 46. Kc4 Qe6+
47. Kb4 Qd6+ 48. Ka4 Qa6+ 49. Kb4 Qd6+ 50. Rc5 Qd4+ 51. Kb5 Qd7+ 52. Ka5 Qa7+
53. Kb4 Qb7+ 54. Kxa3 Qxf3 55. Kb4 h5 56. a4 h4 57. a5 h3 0-1

[Event "MCR mladeze 2014, H14"]
[Site "Kouty nad Desnou"]
[Date "2014.03.13"]
[Round "7"]
[White "Vykouk, Jan"]
[Black "Hurdzan, Tomas"]
[Result "1/2-1/2"]
[WhiteElo "2088"]
[BlackElo "1866"]
[PlyCount "45"]
[EventDate "2014.??.??"]

1. e4 e5 2. Nf3 Nc6 3. Bb5 f5 4. Nc3 fxe4 5. Nxe4 Nf6 6. Nxf6+ Qxf6 7. Qe2 Be7
8. O-O Nd4 9. Nxd4 exd4 10. Re1 c6 11. Bd3 d5 12. f3 Kf7 13. b3 Re8 14. Bb2 Bd7
15. Qf2 Bc5 16. a4 a5 17. Rxe8 Rxe8 18. Re1 Rxe1+ 19. Qxe1 Bf5 20. Qf1 Qg6 21.
Bxf5 Qxf5 22. d3 Qe5 23. Bc1 1/2-1/2

[Event "MCR mladeze 2014, H14"]
[Site "Kouty nad Desnou"]
[Date "2014.03.13"]
[Round "7"]
[White "Liska, Jiri"]
[Black "Danek, Daniel"]
[Result "1/2-1/2"]
[WhiteElo "1911"]
[BlackElo "1827"]
[PlyCount "44"]
[EventDate "2014.??.??"]

1. Nf3 Nf6 2. g3 g6 3. Bg2 Bg7 4. d4 d5 5. O-O O-O 6. c4 c6 7. Nc3 Ne4 8. cxd5
Nxc3 9. bxc3 cxd5 10. Bf4 Nc6 11. Rb1 b6 12. c4 Bf5 13. Rc1 Be4 14. Ne5 Bxe5
15. dxe5 Bxg2 16. Kxg2 d4 17. Qd3 Qd7 18. Qe4 Rfd8 19. Rfd1 Qe6 20. Kf3 Rac8
21. a3 h5 22. h4 Qg4+ 1/2-1/2

[Event "MCR mladeze 2014, H14"]
[Site "Kouty nad Desnou"]
[Date "2014.03.13"]
[Round "7"]
[White "Vystrcil, Martin"]
[Black "Miesbauer, Jan"]
[Result "1-0"]
[WhiteElo "1783"]
[BlackElo "1991"]
[PlyCount "97"]
[EventDate "2014.??.??"]

1. e4 c5 2. Nf3 d6 3. d4 cxd4 4. Nxd4 Nf6 5. Nc3 Nc6 6. Bg5 e6 7. Qd2 a6 8.
O-O-O Bd7 9. f4 Be7 10. Kb1 h6 11. Bh4 b5 12. a3 Rc8 13. g4 g5 14. fxg5 Nxg4
15. Nf3 Nce5 16. Nxe5 Nxe5 17. Bg3 hxg5 18. Be2 Rc5 19. Rdf1 Qa8 20. Qd4 Qc6
21. Na2 Rh7 22. Nb4 Qc8 23. Bd3 Kd8 24. c3 Kc7 25. Bc2 Kb7 26. Nd3 Rc4 27. Qg1
f6 28. Bxe5 dxe5 29. Rd1 Bc6 30. Nf2 Be8 31. Rd2 Rh4 32. Bb3 Rc7 33. Qg2 Bg6
34. Bc2 Kb8 35. Ng4 Qb7 36. Rf1 b4 37. axb4 Rc4 38. Nxf6 Bxf6 39. Rxf6 Bxe4 40.
Rf8+ Rc8 41. Rxc8+ Kxc8 42. Qxg5 Bxc2+ 43. Kxc2 Qe4+ 44. Kb3 Qc4+ 45. Ka3 a5
46. Qd8+ Kb7 47. Rd7+ Ka6 48. Rd6+ Kb7 49. Qe7+ 1-0

[Event "MCR mladeze 2014, H14"]
[Site "Kouty nad Desnou"]
[Date "2014.03.13"]
[Round "7"]
[White "Anaskin, Arsenij"]
[Black "Parizek, Vojtech"]
[Result "1-0"]
[WhiteElo "1977"]
[BlackElo "1712"]
[PlyCount "47"]
[EventDate "2014.??.??"]

1. e4 c5 2. Nf3 Nc6 3. c4 e6 4. Nc3 Nge7 5. Be2 d5 6. exd5 exd5 7. d4 Be6 8.
cxd5 Nxd5 9. O-O Nxc3 10. bxc3 cxd4 11. Nxd4 Nxd4 12. Qxd4 Qxd4 13. cxd4 Bd6
14. Bf3 O-O 15. Bxb7 Rab8 16. Bf3 Rfc8 17. Be3 Bc4 18. Rfd1 Ba3 19. Bf4 Rb6 20.
Bc1 Be7 21. Be3 Bf6 22. Rac1 Be6 23. d5 Bb2 24. Rxc8+ 1-0

[Event "MCR mladeze 2014, H14"]
[Site "Kouty nad Desnou"]
[Date "2014.03.13"]
[Round "7"]
[White "Wagner, Vojtech"]
[Black "Lojek, Marek"]
[Result "1-0"]
[WhiteElo "1907"]
[BlackElo "1776"]
[PlyCount "105"]
[EventDate "2014.??.??"]

1. d4 Nf6 2. Nf3 e6 3. g3 d5 4. Bg2 b6 5. O-O Bb7 6. c4 Nbd7 7. Qc2 Bd6 8. Nc3
c5 9. cxd5 exd5 10. Nb5 Bb8 11. dxc5 bxc5 12. e3 Ba6 13. a4 Qb6 14. Rd1 Bxb5
15. axb5 O-O 16. Qa4 c4 17. Qa6 Bc7 18. Bd2 Nc5 19. Qxb6 axb6 20. Bb4 Rfd8 21.
Bxc5 bxc5 22. Ra6 Rxa6 23. bxa6 Ra8 24. Ra1 Ra7 25. Nd2 Kf8 26. e4 Be5 27. Ra2
c3 28. bxc3 Bxc3 29. Nb1 d4 30. Nxc3 dxc3 31. e5 Nd7 32. Bb7 Nxe5 33. Rc2 Nd7
34. Rxc3 Nb8 35. Ra3 Ke7 36. Kf1 Kd7 37. Ke2 Kc7 38. Kd3 Kb6 39. Kc4 Nc6 40.
Rb3+ Nb4 41. f4 Ka5 42. Kxc5 Nxa6+ 43. Bxa6 Rc7+ 44. Kd6 Rc2 45. Bd3 Rxh2 46.
Ke7 Rh3 47. Bf5 Rh5 48. g4 Rh4 49. Kxf7 g6 50. Bd7 Rh2 51. f5 Rd2 52. Be6 gxf5
53. gxf5 1-0

[Event "MCR mladeze 2014, H14"]
[Site "Kouty nad Desnou"]
[Date "2014.03.13"]
[Round "7"]
[White "Jurasek, Vojtech"]
[Black "Jelinek, Michal"]
[Result "0-1"]
[WhiteElo "1498"]
[BlackElo "1870"]
[PlyCount "74"]
[EventDate "2014.??.??"]

1. d4 d5 2. c4 e6 3. Nc3 Nf6 4. Bg5 Nbd7 5. Nf3 c6 6. e3 Qa5 7. Bxf6 Nxf6 8.
Rc1 Bb4 9. Qb3 O-O 10. Bd3 dxc4 11. Bxc4 Ne4 12. O-O Nxc3 13. bxc3 Bd6 14. Bd3
Qc7 15. Qc2 h6 16. c4 c5 17. h3 b6 18. e4 cxd4 19. Nxd4 Be5 20. Nb5 Qc5 21. Kh1
Bf4 22. Rcd1 Bb7 23. g3 Bg5 24. f4 Be7 25. Qe2 Rfd8 26. Rc1 Rd7 27. Rfd1 a6 28.
Nc3 Rad8 29. Bc2 Qa3 30. Bb3 Rd2 31. Rxd2 Qxc1+ 32. Rd1 Qxc3 33. Rxd8+ Bxd8 34.
Kh2 Qd4 35. Bc2 Be7 36. h4 Bc5 37. Kh3 Qe3 0-1

[Event "MCR mladeze 2014, H14"]
[Site "Kouty nad Desnou"]
[Date "2014.03.13"]
[Round "7"]
[White "Simet, Martin"]
[Black "Havelka, Ondrej"]
[Result "1-0"]
[WhiteElo "1777"]
[BlackElo "1642"]
[PlyCount "119"]
[EventDate "2014.??.??"]

1. e4 e6 2. Nc3 d5 3. Nf3 Nf6 4. e5 Nfd7 5. d4 c5 6. dxc5 Nc6 7. Bf4 Bxc5 8.
Bd3 Qb6 9. O-O Qxb2 10. Nb5 Qb4 11. Bd2 Qg4 12. Nc7+ Kd8 13. Nxa8 Ndxe5 14.
Nxe5 Nxe5 15. Qxg4 Nxg4 16. Rae1 Bd6 17. g3 Ne5 18. Ba5+ Ke7 19. Kg2 Bd7 20.
Nc7 Nxd3 21. Nxd5+ Kf8 22. cxd3 Bc6 23. f3 Bxd5 24. Rc1 Bc6 25. Rfe1 Ke7 26.
Bc3 Rg8 27. Kf2 Kd7 28. Bd4 a6 29. Bb6 g5 30. h3 Rg6 31. Bd4 h5 32. g4 h4 33.
Be5 Be7 34. Re2 Bd8 35. d4 Bb6 36. Rb2 Bd8 37. Ke3 Rg8 38. Rc5 f6 39. Bh2 Re8
40. Kf2 Bc7 41. Rxb7 e5 42. Ra7 Rb8 43. Rc2 Rb6 44. Rxc7+ Kxc7 45. d5 Kd6 46.
Rxc6+ Rxc6 47. dxc6 Kxc6 48. Ke3 Kd5 49. a4 Kc4 50. Ke4 Kb4 51. Kf5 Kxa4 52.
Kxf6 Kb5 53. Bxe5 Kc6 54. Kxg5 Kd5 55. Kf6 a5 56. g5 a4 57. g6 a3 58. g7 a2 59.
g8=Q+ Kc6 60. Qxa2 1-0

[Event "MCR mladeze 2014, H14"]
[Site "Kouty nad Desnou"]
[Date "2014.03.13"]
[Round "7"]
[White "Steinbauer, Filip"]
[Black "Filip, Tomas"]
[Result "1/2-1/2"]
[WhiteElo "1637"]
[BlackElo "1590"]
[PlyCount "64"]
[EventDate "2014.??.??"]

1. e4 c5 2. Nf3 d6 3. d4 cxd4 4. Nxd4 Nf6 5. Nc3 a6 6. Bg5 Nbd7 7. Qe2 Qc7 8.
O-O-O g6 9. f4 Bg7 10. g3 O-O 11. Bg2 Rb8 12. Rhe1 e5 13. Nf3 h6 14. Bxf6 Nxf6
15. Qd2 Ne8 16. Nd5 Qd8 17. Qb4 b5 18. fxe5 a5 19. Qd4 dxe5 20. Qc5 Rb7 21. Nc3
Bd7 22. Nxb5 Qb8 23. Nc3 Bg4 24. Qa3 Nf6 25. Rd3 Bxf3 26. Bxf3 Rc8 27. Red1 Bf8
28. Qxa5 Ra7 29. Qb5 Rb7 30. Qa5 Ra7 31. Qb5 Rb7 32. Qa5 Rxb2 1/2-1/2

[Event "MCR mladeze 2014, H14"]
[Site "Kouty nad Desnou"]
[Date "2014.03.13"]
[Round "7"]
[White "Novy, Filip"]
[Black "Sedlak, Jiri"]
[Result "1-0"]
[WhiteElo "1817"]
[BlackElo "1753"]
[PlyCount "62"]
[EventDate "2014.??.??"]

1. e4 c5 2. Nf3 Nc6 3. d4 cxd4 4. Nxd4 g6 5. Nc3 Bg7 6. Be3 Nf6 7. f3 O-O 8.
Nb3 d6 9. Qd2 Bd7 10. Be2 a6 11. a4 b6 12. O-O Qc7 13. f4 Rfe8 14. Rad1 Bc8 15.
Bf3 Bb7 16. Qf2 e5 17. Bxb6 Qe7 18. Nd5 Nxd5 19. exd5 Nb8 20. Rfe1 Nd7 21. Na5
Nxb6 22. Qxb6 Rab8 23. Qe3 Rec8 24. Qd3 Qc7 25. Nc6 Bxc6 26. dxc6 Rxb2 27. Qxd6
Qxd6 28. Rxd6 Rxc2 29. fxe5 Rc7 30. Rd7 Rxd7 31. cxd7 Rd2 1-0

[Event "MCR mladeze 2014, H14"]
[Site "Kouty nad Desnou"]
[Date "2014.03.13"]
[Round "7"]
[White "Vraj, Karel"]
[Black "Pulpan, Matej"]
[Result "0-1"]
[WhiteElo "1593"]
[BlackElo "1774"]
[PlyCount "52"]
[EventDate "2014.??.??"]

1. e4 c5 2. Nf3 d6 3. d4 cxd4 4. Nxd4 Nf6 5. Nc3 g6 6. Be3 Bg7 7. f3 Nc6 8. Qd2
O-O 9. O-O-O d5 10. Kb1 a6 11. Nxc6 bxc6 12. exd5 cxd5 13. Nxd5 Nxd5 14. Qxd5
Qc7 15. Qc5 Qb7 16. b3 Bf5 17. Bd3 Rfc8 18. Qb6 Qd5 19. Bc4 Qe5 20. Qd4 Rxc4
21. Qd8+ Rxd8 22. Rxd8+ Bf8 23. bxc4 Qxe3 24. Rhd1 Qc3 25. R1d2 Qxc4 26. R8d4
Bxc2+ 0-1

[Event "MCR mladeze 2014, H14"]
[Site "Kouty nad Desnou"]
[Date "2014.03.13"]
[Round "7"]
[White "Chwistek, Karel"]
[Black "Zitny, Michal"]
[Result "1-0"]
[WhiteElo "1697"]
[BlackElo "1566"]
[PlyCount "103"]
[EventDate "2014.??.??"]

1. e4 c6 2. d4 d5 3. Nc3 dxe4 4. Nxe4 Bf5 5. Ng3 Bg6 6. h4 h6 7. Nf3 Nf6 8. h5
Bh7 9. Bd3 Bxd3 10. Qxd3 e6 11. Bd2 Bd6 12. Ne4 Nxe4 13. Qxe4 Nd7 14. Qg4 Nf6
15. Qh3 Qc7 16. Qh4 Qd8 17. a3 a5 18. g4 Ne4 19. g5 Nxd2 20. Kxd2 hxg5 21. Nxg5
Qf6 22. Ke2 Qf5 23. Ne4 Be7 24. f3 Qb5+ 25. Ke3 f5 26. Rag1 fxe4 27. Qxe4 Qf5
28. Rxg7 Qxe4+ 29. fxe4 Kd7 30. h6 Raf8 31. h7 b6 32. Rh6 b5 33. e5 a4 34. Rf6
Re8 35. Rff7 Kd8 36. Kd3 Kd7 37. b3 Kd8 38. bxa4 bxa4 39. c4 Kd7 40. c5 Kd8 41.
Kc3 Kd7 42. Kc4 Kd8 43. Kb4 Kd7 44. Kxa4 Ra8+ 45. Kb3 Rab8+ 46. Ka2 Rhe8 47.
h8=Q Rxh8 48. Rxe7+ Kd8 49. Rb7 Rh2+ 50. Kb3 Rh3+ 51. Kb4 Rxb7+ 52. Rxb7 1-0

[Event "MCR mladeze 2014, H14"]
[Site "Kouty nad Desnou"]
[Date "2014.03.13"]
[Round "7"]
[White "Kriz, Vojtech"]
[Black "Oplustil, David"]
[Result "1-0"]
[WhiteElo "1565"]
[BlackElo "1488"]
[PlyCount "49"]
[EventDate "2014.??.??"]

1. e4 c5 2. Nf3 d6 3. d4 cxd4 4. Nxd4 Nf6 5. Nc3 g6 6. Be3 Bg7 7. f3 O-O 8. Bc4
Nc6 9. Qd2 Bd7 10. O-O-O Rc8 11. h4 h5 12. Bb3 Ne5 13. g4 Nc4 14. Bxc4 Rxc4 15.
gxh5 Nxh5 16. Rhg1 b5 17. Rg5 b4 18. Nd5 a5 19. Rdg1 e6 20. Rxh5 gxh5 21. Bh6
exd5 22. Bxg7 Qb6 23. Bf6+ Kh7 24. Rg7+ Kh8 25. Qh6# 1-0

[Event "MCR mladeze 2014, H14"]
[Site "Kouty nad Desnou"]
[Date "2014.03.14"]
[Round "8"]
[White "Vykouk, Jan"]
[Black "Vystrcil, Martin"]
[Result "1/2-1/2"]
[WhiteElo "2088"]
[BlackElo "1783"]
[PlyCount "27"]
[EventDate "2014.??.??"]

1. e4 Nf6 2. e5 Nd5 3. d4 d6 4. c4 Nb6 5. exd6 cxd6 6. Nc3 g6 7. Be3 Bg7 8. Nf3
O-O 9. h3 Nc6 10. Be2 Bf5 11. O-O d5 12. c5 Nc4 13. Bc1 b6 14. g4 1/2-1/2